Macroeconomics : Theories and policies

In this new edition of a standard text, discussion includes a summary of the Keynesian position and a detailed analysis of the challenges to it, an extensive treatment of monetary policy, and a consideration of the determinants of long-run economic growth. Coverage of questions of measurement is fol...

全面介绍

Đã lưu trong:
书目详细资料
主要作者: Froyen, Richard T.
格式: 图书
语言:Undetermined
出版: Upper Saddle River, NJ. Pearson / Prentice Hall 2005
主题:
标签: 添加标签
没有标签, 成为第一个标记此记录!
Thư viện lưu trữ: Trung tâm Học liệu Trường Đại học Cần Thơ
LEADER 01016nam a2200217Ia 4500
001 CTU_116833
008 210402s9999 xx 000 0 und d
020 |c 58 
082 |a 339 
082 |b F943 
100 |a Froyen, Richard T. 
245 0 |a Macroeconomics : 
245 0 |b Theories and policies 
245 0 |c Richard T. Froyen 
260 |a Upper Saddle River, NJ. 
260 |b Pearson / Prentice Hall 
260 |c 2005 
520 |a In this new edition of a standard text, discussion includes a summary of the Keynesian position and a detailed analysis of the challenges to it, an extensive treatment of monetary policy, and a consideration of the determinants of long-run economic growth. Coverage of questions of measurement is followed by discussion of major macroeconomic models, open economy macroeconomics, macroeconomic policy, and extensions of macroeconomic models. 
650 |a Macroeconomics,Keynesian economics 
904 |i Minh 
980 |a Trung tâm Học liệu Trường Đại học Cần Thơ